[Event "Let's Play Chess!"]
[Site "http://www.queenalice.com/game.php?id=494236"]
[Date "2008.11.16"]
[Round "-"]
[White "marcelababy"]
[Black "Rosberg"]
[Result "0-1"]
[WhiteElo "1500"]
[BlackElo "2138"]

1. e4 c5 2. Nf3 e6 3. Nc3 Nc6 4. Bb5 Nd4 5. O-O a6 6. Be2 Bd6 7. d3 Nf6 8. Bg5
O-O 9. Qd2 Qc7 10. g3 Be7 11. Kh1 Nxe2 12. Qxe2 d6 13. e5 dxe5 14. Qxe5 Qc6 15.
Ne4 Ng4 16. Qf4 e5 17. Nxe5 Nxe5 18. Bxe7 Ng6 19. Qg5 Nxe7 20. Qxe7 f5 21. f3
fxe4 22. fxe4 Bg4 23. Rf4 Rxf4 24. gxf4 c4 25. Rg1 Re8 0-1

[Event "Let's Play Chess!"]
[Site "http://www.queenalice.com/game.php?id=494241"]
[Date "2008.11.16"]
[Round "-"]
[White "marcelababy"]
[Black "constantin"]
[Result "1-0"]
[WhiteElo "1888"]
[BlackElo "1747"]

1. e4 e5 2. Nc3 c6 3. Nf3 d6 4. d4 exd4 5. Nxd4 Nf6 6. Be2 g6 7. O-O Bg7 8. Bg5
O-O 9. Bc4 b5 10. Ncxb5 h6 11. Bxf6 Bxf6 12. Nc3 Bxd4 13. Qxd4 Ba6 14. Bxa6 Nxa6
15. Rfd1 c5 16. Qc4 Nc7 17. e5 d5 18. Nxd5 Nxd5 19. Rxd5 Qb6 20. b3 Rac8 21. g3
Rfd8 22. Rxd8+ Rxd8 23. Qe2 Qe6 24. f4 f6 25. Re1 fxe5 26. fxe5 Re8 27. Qe3 g5
28. Qxc5 Qb6 29. Qxb6 axb6 30. a4 Kf7 31. c4 Ke6 32. Kf2 Kf5 33. e6 Rxe6 34.
Rxe6 Kxe6 35. b4 Ke5 36. a5 bxa5 37. bxa5 h5 38. a6 h4 39. gxh4 gxh4 40. a7 h3
41. a8=Q Kd4 42. Qc8 Kc3 43. c5 Kc4 44. c6 Kd4 45. c7 Ke4 46. Qxh3 Ke5 47. c8=Q
Kf6 48. Qh6+ Ke5 49. Qc5+ Ke4 50. Qg6+ Kf4 51. Qcd6# 1-0

[Event "Let's Play Chess!"]
[Site "http://www.queenalice.com/game.php?id=494622"]
[Date "2008.11.17"]
[Round "-"]
[White "marcelababy"]
[Black "XaraX"]
[Result "1/2-1/2"]
[WhiteElo "1500"]
[BlackElo "1847"]

1. e4 e5 2. Nc3 Nf6 3. Bc4 Bc5 4. d3 h6 5. Na4 Bd6 6. Nf3 a6 7. Nc3 O-O 8. Be3
b5 9. Bb3 Bb7 10. O-O c5 11. a3 Nc6 12. a4 b4 13. Nd5 Na5 14. Nxf6+ Qxf6 15. Ba2
Bc6 16. c3 b3 17. Bxb3 Nxb3 18. Qxb3 Rfb8 19. Qc2 Be7 20. b3 a5 21. Rfb1 d5 22.
exd5 Bxd5 23. Nd2 Qg6 24. f3 Rc8 25. Bf2 Bg5 26. Bg3 Bxd2 27. Qxd2 f6 28. c4 Bc6
29. Qe3 Bb7 30. Kh1 Rc6 31. Ra2 Rd8 32. Rd2 Ba8 33. Qf2 Rd4 34. Qe2 Rcd6 35.
Rbd1 Bc6 36. Qe3 Kh8 1/2-1/2

[Event "Challenge"]
[Site "http://www.queenalice.com/game.php?id=494736"]
[Date "2008.11.18"]
[Round "-"]
[White "marcelababy"]
[Black "Aldino"]
[Result "1-0"]
[WhiteElo "1500"]
[BlackElo "1900"]

1. e4 e5 2. Nc3 Nf6 3. Bc4 c6 4. Nf3 h6 5. Nxe5 d5 6. exd5 cxd5 7. Qe2 Be6 8.
Bb5+ Nc6 9. Nxc6 bxc6 10. Bxc6+ Ke7 11. Bxa8 Qxa8 12. O-O Qc6 13. Qe3 Qd7 14.
Qd4 Ke8 15. d3 Be7 16. Re1 Qc6 17. Qxa7 Nd7 18. Qd4 Bf6 19. Qb4 Be7 20. Qb5 Qc5
21. Qxc5 Bxc5 22. Nxd5 Kd8 23. Nf4 Ke7 24. Nxe6 fxe6 25. Be3 Bd6 26. Bd4 Rg8 27.
a3 Rf8 28. Bxg7 Rf5 29. b4 h5 30. h4 Rf7 31. Bc3 Rf4 32. g3 Rg4 33. Re4 Rg8 34.
b5 Nc5 35. Rb4 Rb8 36. a4 Nd7 37. Rbb1 e5 38. Kg2 Rc8 39. Bb4 Rxc2 40. Bxd6+
Kxd6 41. a5 Nc5 42. Ra3 e4 43. dxe4 Nxe4 44. Rf1 Kc5 45. a6 Kxb5 46. a7 Rc8 47.
a8=Q 1-0

[Event "Challenge"]
[Site "http://www.queenalice.com/game.php?id=497492"]
[Date "2008.11.23"]
[Round "-"]
[White "marcelababy"]
[Black "aquinogyn"]
[Result "1-0"]
[WhiteElo "1587"]
[BlackElo "1844"]

1. e4 e6 2. d4 d5 3. Nc3 Nf6 4. Bg5 Be7 5. e5 Nfd7 6. Bxe7 Qxe7 7. Qd2 O-O 8. f4
c5 9. Nf3 a6 10. dxc5 Qxc5 11. O-O-O b5 12. Bd3 f5 13. Ng5 Nb6 14. Kb1 Nc6 15.
g3 Bd7 16. h3 h6 17. Nf3 b4 18. Ne2 a5 19. g4 a4 20. c3 1-0

[Event "Challenge"]
[Site "http://www.queenalice.com/game.php?id=504057"]
[Date "2008.12.6"]
[Round "-"]
[White "marcelababy"]
[Black "therota2"]
[Result "1-0"]
[WhiteElo "1851"]
[BlackElo "1588"]

1. e4 e5 2. Nc3 Nc6 3. Bc4 Qg5 4. g3 Bd6 5. Nf3 Qh6 6. d3 Qh3 7. Nh4 Nd4 8. Be3
b5 9. Bxd4 exd4 10. Nxb5 Nh6 11. Nxd4 g5 12. Nhf3 Rb8 13. Rb1 Ng4 14. Qe2 c5 15.
Nb5 Be7 16. Nxa7 Bf6 17. Nb5 Qg2 18. Kd2 h5 19. h3 O-O 20. hxg4 hxg4 21. Qe3
gxf3 22. Rbg1 Bxb2 23. Rxg2 fxg2 24. Rg1 Bd4 25. Nxd4 d5 26. Qxg5+ Kh8 27. Qe5+
f6 28. Qxb8 dxc4 29. Nb5 Rd8 30. Rxg2 Rxd3+ 31. cxd3 1-0

[Event "Let's Play Chess!"]
[Site "http://www.queenalice.com/game.php?id=504282"]
[Date "2008.12.7"]
[Round "-"]
[White "marcelababy"]
[Black "filomenos"]
[Result "1-0"]
[WhiteElo "1718"]
[BlackElo "1876"]

1. e4 e5 2. Nc3 Nf6 3. Bc4 d6 4. Nf3 h6 5. d4 exd4 6. Nxd4 Be7 7. O-O O-O 8. Bf4
c5 9. Ndb5 Ne8 10. Nd5 a6 11. Nxe7+ Qxe7 12. Nxd6 Qxe4 13. Nxe4 b6 14. Bd5 Ra7
15. Bxb8 Rd7 16. Qh5 Kh8 17. Rae1 a5 18. Bxf7 Rdxf7 19. Ng5 1-0

[Event "Let's Play Chess!"]
[Site "http://www.queenalice.com/game.php?id=511118"]
[Date "2008.12.22"]
[Round "-"]
[White "marcelababy"]
[Black "Attia"]
[Result "1-0"]
[WhiteElo "1868"]
[BlackElo "1646"]

1. e4 e5 2. Nc3 Nf6 3. Bc4 Nxe4 4. Qh5 Nd6 5. Bb3 Be7 6. Nf3 O-O 7. h4 Bf6 8. d3
g6 9. Qg4 Nc6 10. h5 g5 11. Bxg5 Bxg5 12. Nxg5 Qe8 13. Nxf7# 1-0

[Event "Let's Play Chess!"]
[Site "http://www.queenalice.com/game.php?id=512713"]
[Date "2008.12.26"]
[Round "-"]
[White "marcelababy"]
[Black "spawnwolfwolverine"]
[Result "1-0"]
[WhiteElo "1926"]
[BlackElo "1745"]

1. e4 e5 2. Nc3 d6 3. d4 g6 4. dxe5 Be7 5. Bf4 Nc6 6. Bb5 Bd7 7. exd6 Bxd6 8.
Bxd6 cxd6 9. Qxd6 Qa5 10. Bxc6 bxc6 11. O-O-O Rd8 12. Nf3 Bg4 13. Qxc6+ Ke7 14.
Nd5+ Kf8 15. Rd3 Bxf3 16. Rxf3 h5 17. Ra3 Qxa3 18. bxa3 Rxd5 19. exd5 Ne7 20.
Qb7 h4 21. Rd1 f5 22. Qxa7 Rh7 23. d6 Nd5 24. Qxh7 h3 25. Qxh3 f4 26. Rxd5 g5
27. d7 f3 28. Qxf3+ Kg7 29. d8=Q g4 30. Qxg4+ Kf7 31. Rf5+ Ke6 32. Qe4# 1-0

[Event "Let's Play Chess!"]
[Site "http://www.queenalice.com/game.php?id=512936"]
[Date "2008.12.26"]
[Round "-"]
[White "marcelababy"]
[Black "iliov2008"]
[Result "1-0"]
[WhiteElo "1914"]
[BlackElo "1391"]

1. e4 e6 2. d4 Nf6 3. Bg5 h6 4. Bxf6 Qxf6 5. e5 Qf5 6. Nf3 Qe4+ 7. Be2 Bb4+ 8.
c3 Ba5 9. Nbd2 Qc6 10. Qc2 b6 11. Nc4 Ba6 12. Nxa5 bxa5 13. O-O Bxe2 14. Qxe2 d6
15. Rfe1 dxe5 16. Nxe5 Qa6 17. Qf3 f6 18. Qxa8 Qc8 19. Ng6 Rg8 20. Qe4 Kf7 21.
Nf4 Re8 22. Nd3 f5 23. Qf3 Qa6 24. Qh5+ Kf8 25. Ne5 Qb5 26. Qf7# 1-0

[Event "Let's Play Chess!"]
[Site "http://www.queenalice.com/game.php?id=518708"]
[Date "2009.1.7"]
[Round "-"]
[White "marcelababy"]
[Black "CampbellMarcel"]
[Result "0-1"]
[WhiteElo "1942"]
[BlackElo "1745"]

1. e4 d5 2. e5 d4 3. Nf3 c5 4. Bb5+ Bd7 5. Na3 Bxb5 6. Nxb5 a6 7. Na3 Nc6 8. d3
b5 9. O-O e6 10. Re1 Nge7 11. Bg5 h6 12. Bd2 Ng6 13. Qe2 Qc7 14. g3 Rd8 15. Kg2
Rd5 16. c4 dxc3 17. Bxc3 b4 18. d4 bxc3 19. bxc3 cxd4 20. cxd4 Bxa3 0-1

[Event "Let's Play Chess!"]
[Site "http://www.queenalice.com/game.php?id=519793"]
[Date "2009.1.9"]
[Round "-"]
[White "marcelababy"]
[Black "traub"]
[Result "1-0"]
[WhiteElo "1900"]
[BlackElo "1888"]

1. e4 e5 2. Nc3 Nc6 3. Bc4 Nf6 4. Nf3 Bb4 5. Nd5 Nxe4 6. Nxb4 Nxb4 7. Nxe5 d5 8.
Bb3 Qf6 9. Nf3 O-O 10. a3 Re8 11. O-O Bg4 12. axb4 Ng5 13. Bxd5 c6 14. d3 Nxf3+
15. Bxf3 Bxf3 16. Bg5 Qxg5 17. Qxf3 1-0

[Event "Challenge"]
[Site "http://www.queenalice.com/game.php?id=521659"]
[Date "2009.1.13"]
[Round "-"]
[White "jeancarlo1910"]
[Black "marcelababy"]
[Result "1/2-1/2"]
[WhiteElo "1763"]
[BlackElo "1926"]

1. e4 c5 2. Nf3 d6 3. Bc4 Nc6 4. Nc3 Nf6 5. d3 Bg4 6. Be3 Qb6 7. b3 Qa5 8. Qd2
Bxf3 9. gxf3 Ne5 10. Bb5+ Nfd7 11. Bxd7+ Kxd7 12. Ke2 e6 13. a4 Be7 14. h3 Bf6
15. f4 Nf3 16. Kxf3 Bxc3 17. Qe2 Bxa1 18. Rxa1 Qc3 19. Rd1 Rac8 20. Kg2 Rhg8 21.
f5 Qf6 22. fxe6+ fxe6 23. Rg1 h6 24. Bd2 Kc7 25. c4 Kb8 26. b4 Qe7 27. b5 Ka8
28. a5 1/2-1/2

[Event "Challenge"]
[Site "http://www.queenalice.com/game.php?id=523140"]
[Date "2009.1.15"]
[Round "-"]
[White "Kafka"]
[Black "marcelababy"]
[Result "0-1"]
[WhiteElo "1373"]
[BlackElo "1926"]

1. e4 c5 2. d4 cxd4 3. Qxd4 Nc6 4. Qc3 Nf6 5. Nf3 Nxe4 6. Qe3 Qa5+ 7. Bd2 Nxd2
8. Nbxd2 e6 9. Bd3 Bc5 10. Qg5 O-O 11. O-O h6 0-1

[Event "Let's Play Chess!"]
[Site "http://www.queenalice.com/game.php?id=528291"]
[Date "2009.1.24"]
[Round "-"]
[White "Lesser"]
[Black "marcelababy"]
[Result "1/2-1/2"]
[WhiteElo "1928"]
[BlackElo "1926"]

1. e4 c5 2. Bc4 Nc6 3. Qf3 Nf6 4. Nh3 Nd4 5. Qd3 d5 6. exd5 Bf5 7. Bb5+ Nd7 8.
Bxd7+ Qxd7 9. Qc4 Nxc2+ 10. Kd1 Nxa1 11. Nc3 Bxh3 12. gxh3 Qxh3 13. Re1 b6 14.
Nb5 Qxh2 15. d6 Qh5+ 16. Re2 Qh1+ 17. Re1 Qf3+ 18. Re2 Kd7 19. Nc7 Qh1+ 20. Re1
Qh5+ 21. Re2 Rd8 22. Qa6 Qh1+ 23. Re1 Qf3+ 24. Re2 1/2-1/2

[Event "Let's Play Chess!"]
[Site "http://www.queenalice.com/game.php?id=528302"]
[Date "2009.1.24"]
[Round "-"]
[White "lekobr"]
[Black "marcelababy"]
[Result "1-0"]
[WhiteElo "1761"]
[BlackElo "1917"]

1. e4 c5 2. b3 Nc6 3. Nf3 Nf6 4. e5 Ng4 5. Bb2 Qc7 6. Qe2 d6 7. exd6 Qxd6 8. Nc3
Bf5 9. O-O-O O-O-O 10. Nb5 Qe6 11. Re1 Qxe2 12. Rxe2 a6 13. Na3 e6 14. h3 Nh6
15. g4 Bg6 16. Bg2 Ne7 17. Nh4 f6 18. Nxg6 1-0

[Event "Challenge"]
[Site "http://www.queenalice.com/game.php?id=532988"]
[Date "2009.2.1"]
[Round "-"]
[White "JCOELHO"]
[Black "marcelababy"]
[Result "1-0"]
[WhiteElo "1911"]
[BlackElo "1887"]

1. e4 c5 2. d4 cxd4 3. Qxd4 Nc6 4. Qa4 e6 5. Nc3 Bc5 6. Be3 Bxe3 7. fxe3 Qb6 8.
O-O-O Qxe3+ 9. Kb1 Nf6 10. Nf3 O-O 11. Bb5 a6 12. Rde1 Qb6 13. Bxc6 1-0